| 000 | 00888nac a22002411u 4500 | ||
|---|---|---|---|
| 010 | _a 2003041912 | ||
| 020 | _a0321122356 | ||
| 082 | 0 | 0 |
_a332 _bM67827 |
| 090 |
_c4279 _d4279 |
||
| 100 | _aMishkin, Frederic S. | ||
| 245 | 1 | 4 |
_aThe economics of money, banking, and financial markets / _cFrederic S. Mishkin. |
| 250 | _a7th ed. | ||
| 260 |
_aBoston : _bPearson,2004 _cc2004. |
||
| 300 |
_a1 v. (various pagings) : _bcol. ill. ; _c26 cm. |
||
| 440 | 4 | _aThe Addison-Wesley series in economics | |
| 500 | _aSupplemented by a subscription to a companion web site. | ||
| 504 | _aIncludes bibliographical references and index. | ||
| 650 | 0 | _aFinance. | |
| 650 | 0 | _aMoney. | |
| 650 | 0 | _aBanks and banking. | |
| 942 |
_cBB _k332M67827 |
||
| 999 |
_c4279 _d4279 |
||